Central Library OPAC University of Rajshahi

Political returns : (Record no. 35998)

MARC details
000 -LEADER
fixed length control field 00909nam a2200277 a 4500
001 - CONTROL NUMBER
control field 35998
003 - CONTROL NUMBER IDENTIFIER
rucl marc code BD-RjUL
005 - DATE AND TIME OF LATEST TRANSACTION
control field 20211209052421.0
008 - FIXED-LENGTH DATA ELEMENTS--GENERAL INFORMATION
fixed length control field 140615s1990 cou b 001 0 eng
020 ## - INTERNATIONAL STANDARD BOOK NUMBER
International Standard Book Number 0813379369 (hc)
International Standard Book Number 0813379644 (pb)
035 ## - SYSTEM CONTROL NUMBER
System control number (BD-RjUL)36095
040 ## - CATALOGING SOURCE
Original cataloging agency LC
Language of cataloging eng
Transcribing agency LC
Modifying agency LC
-- BD-RjUL
041 ## - LANGUAGE CODE
Language code of text/sound track or separate title eng
082 00 - DEWEY DECIMAL CLASSIFICATION NUMBER
Classification number 320.509
Edition number 20
Author mark and year SEP 1990
100 1# - MAIN ENTRY--PERSONAL NAME
Personal name Seery, John Evan.
9 (RLIN) 109587
245 10 - TITLE STATEMENT
Title Political returns :
Remainder of title irony in politics and theory, from Plato to the antinuclear movement /
Statement of responsibility, etc. John Evan Seery.
260 ## - PUBLICATION, DISTRIBUTION, ETC. (IMPRINT)
Place of publication, distribution, etc. Boulder, Colo. :
Name of publisher, distributor, etc. Westview Press,
Date of publication, distribution, etc. 1990.
300 ## - PHYSICAL DESCRIPTION
Pagination x, 384 p. ;
Size 24 cm.
504 ## - BIBLIOGRAPHY, ETC. NOTE
Bibliography, etc Includes bibliographical references (p. 347-369) and index.
650 #0 - SUBJECT ADDED ENTRY--TOPICAL TERM
Topical term or geographic name as entry element Political science
General subdivision History.
9 (RLIN) 109588
Topical term or geographic name as entry element Antinuclear movement.
9 (RLIN) 97755
Topical term or geographic name as entry element Irony
General subdivision Political aspects.
9 (RLIN) 109589
942 ## - ADDED ENTRY ELEMENTS (KOHA)
Source of classification or shelving scheme Dewey Decimal Classification
Koha item type Books
Holdings
Lost status Source of classification or shelving scheme Damaged status Not for loan Collection code Permanent Location Current Location Shelving location Date acquired Source of acquisition Total Checkouts Full call number Date last seen Copy number Koha item type
  Dewey Decimal Classification   Not For Loan Non-fiction Central Library, University of Rajshahi Central Library, University of Rajshahi Reading Room 10/01/1993 Asia Foundation, Gift.   320.509 SEP 1990 15/06/2014 C-1 Books